Statystyki dla Zgadnij Model Samochodu

Kliknij tutaj aby rozwiązać quiz!

Ogólne statystyki

  • Ten quiz został rozwiązany 227 razy
  • Średni wynik to 11 z 15

Statystyki odpowiedzi

HintOdpowiedź% Poprawnych
Q5Audi
97%
MustangFord
96%
FabiaSkoda
95%
E92BMW
89%
AccordHonda
88%
C5Citroen
81%
TiguanVolkswagen
79%
I20Hyundai
78%
CeedKia
77%
HiluxToyota
69%
EnzoFerrari
67%
Range RoverLand Rover
64%
ZondaPagani
63%
SilviaNissan
59%
OneKoenigsegg
19%

Rozkład punktacji

Percentyl według liczby udzielonych odpowiedzi

Procent ludzi z każdym wynikiem

Twoja historia wyników

Nie rozwiązałeś tego quizu